000 00281nam a22001337a 4500
008 170314b xxu||||| |||| 00| 0 eng d
020 _a0495826235
041 _aeng
080 _a611
100 _a7
101 _aSHM
245 _aHUMAN PHYSIOLOGY
_cSHERWOOD, L
942 _2udc
_cBK
999 _c7742
_d7742